[Event "Asian Youth BU16"]
[Site "Tehran IRI"]
[Date "2002.04.02"]
[Round "7"]
[White "Abilmazhinov,D"]
[Black "Deepan,C"]
[Result "0-1"]
[WhiteElo "2310"]
[BlackElo "2305"]

1.e4 c5 2.c3 Nf6 3.e5 Nd5 4.d4 cxd4 5.Nf3 Nc6 6.cxd4 d6 7.exd6 Bg4 8.Nc3 Qxd6
9.Be2 e6 10.h3 Bh5 11.O-O Be7 12.Ne4 Qd8 13.Ng3 Bg6 14.Ne5 O-O 15.Bf3 Bf6
16.Nxc6 bxc6 17.Ne4 Bxe4 18.Bxe4 Qb6 19.Be3 Rad8 20.Qe2 Bxd4 21.Bxh7+ Kxh7
22.Qd3+ Kg8 23.Bxd4 c5 24.Bc3 Nxc3 25.Qxc3 Rd5 26.Rae1 Rfd8 27.Re2 Rd3 28.Qc2 Qb4
29.Re5 R3d5 30.Re2 Rd2 31.Qe4 Qxe4 32.Rxe4 Rxb2 33.Ra4 Rd7 34.Rc1 Rdd2 35.Rxc5 Rxf2
36.Rc8+ Kh7 37.Rh4+ Kg6 38.Rg4+ Kf6 39.a4 Rfc2 40.Ra8 Rc7 41.Re8 g6 42.Rd8 Re7
43.Rd6 Kg7 44.h4 Kh6 45.Rd8 e5  0-1

[Event "FSGMB April"]
[Site "Budapest HUN"]
[Date "2002.04.03"]
[Round "2"]
[White "Vajda,S"]
[Black "Jakab,A"]
[Result "1/2-1/2"]
[WhiteElo "2387"]
[BlackElo "2396"]

1.e4 c5 2.c3 Nf6 3.e5 Nd5 4.d4 cxd4 5.Nf3 e6 6.cxd4 d6 7.Nc3 Nxc3 8.bxc3 Nd7
9.exd6 Bxd6 10.Bd3 h6 11.O-O O-O 12.Qe2 Re8 13.Ne5 Qc7 14.f4 b6 15.Bd2 Nf8
16.Rae1 Bb7 17.Qh5 f5 18.Re3 Bxe5 19.fxe5 Qf7 20.Qxf7+ Kxf7 21.g4 g6 22.Rh3 Nd7
23.Bb5 Red8 24.Bxh6 a6 25.Bxd7 Rxd7 26.Bg5 Rg8 27.Rh7+ Rg7 28.Rxg7+ Kxg7
29.Bf6+ Kf8 30.gxf5 gxf5 31.Rf4 Rh7 32.c4 Be4 33.Rh4 Rxh4 34.Bxh4 Ke8 35.Kf2 b5
36.cxb5 axb5 37.Ke3 b4 38.Be1 Bd5 39.Bxb4 Bxa2 40.Kf4 Kf7 41.Kg5 Kg7 42.h4 Kh7
43.h5 Bd5 44.Bd2 Bc4  1/2-1/2

[Event "FSIMA April"]
[Site "Budapest HUN"]
[Date "2002.04.06"]
[Round "5"]
[White "Gara,T"]
[Black "Hardicsay,P"]
[Result "1/2-1/2"]
[WhiteElo "2303"]
[BlackElo "2312"]

1.e4 c5 2.c3 Nf6 3.e5 Nd5 4.g3 e6 5.Bg2 Nc6 6.Qe2 Be7 7.Nf3 O-O 8.O-O d6
9.exd6 Qxd6 10.Na3 Bf6 11.Nc4 Qc7 12.a4 b6 13.d3 h6 14.Re1 Bb7  1/2-1/2

[Event "TCh-CZE 2001-2"]
[Site "CZE"]
[Date "2002.04.07"]
[Round "11"]
[White "Salai,L"]
[Black "Krupkova,P"]
[Result "1/2-1/2"]
[WhiteElo "2404"]
[BlackElo "2295"]

1.e4 c5 2.c3 Nf6 3.e5 Nd5 4.Nf3 Nc6 5.Na3 d6 6.d4 dxe5 7.Nxe5 Nxe5 8.dxe5 e6
9.Bd3 Bd7 10.O-O Bc6 11.Qe2 a6 12.Rd1 Qc7 13.Be4 Be7 14.Nc4 b5  1/2-1/2

[Event "FSIMA April"]
[Site "Budapest HUN"]
[Date "2002.04.08"]
[Round "7"]
[White "Drabke,L"]
[Black "Vismara,D"]
[Result "1-0"]
[WhiteElo "2324"]
[BlackElo "2295"]

1.e4 c5 2.c3 Nf6 3.e5 Nd5 4.Nf3 e6 5.d4 cxd4 6.cxd4 b6 7.Nc3 Nxc3 8.bxc3 Qc7
9.Bd2 d6 10.Bd3 Bb7 11.O-O Nd7 12.Re1 dxe5 13.Nxe5 Nxe5 14.Rxe5 Bd6 15.Bb5+ Bc6
16.Qf3 Rc8 17.Bxc6+ Qxc6 18.d5 Qb7 19.Rg5 f6 20.Qh5+ Kf8 21.Rxg7 Kxg7 22.Bh6+ Kg8
23.Qg4+  1-0

[Event "III Open"]
[Site "Dos Hermanas ESP"]
[Date "2002.04.08"]
[Round "4"]
[White "Nuevo Perez,A"]
[Black "Komljenovic,D"]
[Result "0-1"]
[WhiteElo "2169"]
[BlackElo "2505"]

1.e4 c5 2.c3 Nf6 3.e5 Nd5 4.g3 d6 5.exd6 Qxd6 6.Bg2 Nc6 7.Ne2 e6 8.O-O Be7
9.d4 cxd4 10.Nxd4 Nxd4 11.Qxd4 O-O 12.Nd2 Rd8 13.Nc4 Qc7 14.Qe4 b5 15.Ne5 Bb7
16.Qe2 Bd6 17.Re1 Rab8 18.Bd2 Nb6 19.Bxb7 Rxb7 20.Nf3 Nd5 21.Rac1 Rc8 22.Nd4 Qd7
23.Qd3 a6 24.Rcd1 Bf8 25.Bc1 Rb6 26.Qf3 Rd6 27.Nb3 Qc7 28.Rd3 Qb6 29.Red1 a5
30.Nd2 Rdc6 31.Nb3 b4 32.cxb4 a4 33.Nc5 Qxb4 34.Be3 Bxc5  0-1

[Event "FSGMA April"]
[Site "Budapest HUN"]
[Date "2002.04.10"]
[Round "9"]
[White "Vajda,L"]
[Black "Horvath,Ad"]
[Result "0-1"]
[WhiteElo "2513"]
[BlackElo "2464"]

1.e4 c5 2.c3 Nf6 3.e5 Nd5 4.d4 cxd4 5.Nf3 Nc6 6.Bc4 Nb6 7.Bb3 d5 8.exd6 Qxd6
9.Na3 dxc3 10.Qe2 Bf5 11.Nb5 Qd7 12.Ne5 Nxe5 13.Qxe5 Rc8 14.O-O Nc4 15.Bxc4 Rxc4
16.b3 Rc8 17.Re1 e6 18.Nxa7 Rc5 19.Qb8+ Qd8 20.Qxb7 Qd5 21.Qb8+ Qd8 22.Qb4 Qa5
23.Qb7 Qc7 24.Qa8+ Qd8 25.Qxd8+ Kxd8 26.a4 c2 27.a5 Kc7 28.b4 Rd5 29.b5 Kb7
30.Be3 Bc5 31.Nc6 Bxe3 32.fxe3 Be4 33.Nd4 e5 34.a6+ Kb6 35.Ne2 Rc8 36.a7 Rxb5
37.Kf2 f5 38.Ng3 Rb1 39.Nxe4 Rxe1 40.Rxe1 Kxa7 41.Rc1 fxe4 42.Ke2 Kb6 43.Kd2 Kb5
44.Rf1 Kb4 45.Kc1 Kc3 46.Rf7 Ra8 47.Rc7+ Kd3 48.Rd7+ Kxe3 49.Kxc2 Ra2+  0-1

[Event "Golden Cleopatra"]
[Site "Cairo EGY"]
[Date "2002.04.10"]
[Round "4"]
[White "Slapikas,V"]
[Black "Ikonnikov,V"]
[Result "0-1"]
[WhiteElo "2410"]
[BlackElo "2516"]

1.e4 c5 2.c3 Nf6 3.e5 Nd5 4.d4 cxd4 5.Qxd4 e6 6.Nf3 Nc6 7.Qe4 d6 8.Nbd2 dxe5
9.Nxe5 Nxe5 10.Qxe5 Bd7 11.Nf3 Qc7 12.Qxc7 Nxc7 13.Ne5 Bb5 14.Bxb5+ Nxb5
15.Be3 f6 16.Nd3 Kf7 17.Ke2 Be7 18.Rhd1 Rhc8 19.a4 Nd6 20.Bc5 Rc6 21.a5 a6
22.Ra4 Rac8 23.Bxd6 Rxd6 24.f3 Rd5 25.Nf2 Rb5 26.Nd3 Rd5 27.h3 h5 28.Nf2 Re5+
29.Kf1 Rb5 30.Rd2 e5 31.Nd1 Ke6 32.Ke2 f5 33.Rd3 Bd8 34.c4 Rbc5 35.Rb4 Rb8
36.Ra4 Bc7 37.Rda3 Rd8 38.Ne3 Rd4 39.b3 e4 40.Nd5 exf3+ 41.gxf3 Kd7 42.Ra1 Rh4
43.Rg1 Be5 44.f4 Bf6 45.Rb4 Rxa5 46.Rxb7+ Kc8 47.Rc7+ Kb8 48.Rd7 Ra2+ 49.Kd3 Rxh3+
50.Ne3 Rb2  0-1

[Event "Golden Cleopatra"]
[Site "Cairo EGY"]
[Date "2002.04.10"]
[Round "4"]
[White "Vysochin,S"]
[Black "Abou el Zein,E"]
[Result "1-0"]
[WhiteElo "2531"]
[BlackElo "2333"]

1.e4 c5 2.c3 Nf6 3.e5 Nd5 4.Nf3 Nc6 5.d4 cxd4 6.Bc4 Nb6 7.Bb3 d5 8.exd6 Qxd6
9.O-O Bf5 10.Nxd4 Nxd4 11.cxd4 e6 12.Nc3 Be7 13.Qf3 Qd7 14.Bf4 O-O 15.Rad1 Kh8
16.h3 a5 17.d5 e5 18.Bxe5 a4 19.d6 Bd8 20.Bd5 Nxd5 21.Nxd5 f6 22.Bg3 Ra5
23.Rfe1 Rc5 24.b4 axb3 25.axb3 Rb5 26.Re7 Qc8 27.Nc7 Rc5 28.b4 Rxc7 29.Rxc7 Bxc7
30.dxc7 Be6 31.Rd6 Re8 32.Qd1  1-0

[Event "FSGMB April"]
[Site "Budapest HUN"]
[Date "2002.04.12"]
[Round "11"]
[White "Vajda,S"]
[Black "Pinter,G"]
[Result "1/2-1/2"]
[WhiteElo "2387"]
[BlackElo "2363"]

1.e4 c5 2.c3 Nf6 3.e5 Nd5 4.d4 cxd4 5.Nf3 Nc6 6.Bc4 Nb6 7.Bb3 d6 8.exd6 Qxd6
9.O-O Be6 10.Bxe6 Qxe6 11.Nxd4 Nxd4 12.Qxd4 Rd8 13.Qc5 Qe2 14.Na3 e5 15.Qe3 Qxe3
16.Bxe3 Bxa3 17.Bxb6 axb6 18.bxa3 Kd7 19.Rab1 Kc7 20.Rb5 Rhe8 21.Rfb1 Re6
22.c4 Ra8 23.c5 Ra6 24.a4 Rc6 25.cxb6+ Raxb6 26.g3 Rxb5 27.axb5 Rc2 28.a4 Kb6
29.Rd1 Rc7 30.Rd8 f5  1/2-1/2

[Event "Golden Cleopatra"]
[Site "Cairo EGY"]
[Date "2002.04.12"]
[Round "6"]
[White "Vysochin,S"]
[Black "Rausis,I"]
[Result "1/2-1/2"]
[WhiteElo "2531"]
[BlackElo "2466"]

1.e4 c5 2.c3 Nf6 3.e5 Nd5 4.Nf3 Nc6 5.d4 cxd4 6.Bc4 Nb6 7.Bb3 d5 8.exd6 Qxd6
9.O-O Be6 10.Na3 dxc3 11.Qe2 Bxb3 12.Nb5 Qb8 13.axb3 g6 14.Be3 Nc8 15.Ra4 Bg7
16.Bf4 e5 17.Nxe5 Nxe5 18.Bxe5 Bxe5 19.f4 O-O 20.fxe5 cxb2 21.Raf4 f5 22.Rh4 a6
23.Qc4+ Kh8 24.Qc5 Rg8 25.Qd4 h5 26.Qf4 Rg7 27.Rxh5+ gxh5 28.Qh6+ Kg8 29.Qe6+ Rf7
30.Qg6+ Rg7 31.Qe8+ Kh7 32.Qxh5+ Kg8  1/2-1/2

[Event "Open"]
[Site "Dubai UAE"]
[Date "2002.04.15"]
[Round "1"]
[White "Hamed,Ah"]
[Black "Vladimirov,E"]
[Result "0-1"]
[WhiteElo "2341"]
[BlackElo "2592"]

1.e4 c5 2.c3 Nf6 3.e5 Nd5 4.d4 cxd4 5.cxd4 Nc6 6.Nf3 d6 7.Bc4 Nb6 8.Bb5 Bd7
9.exd6 exd6 10.d5 Ne5 11.Bxd7+ Qxd7 12.O-O Be7 13.Nc3 O-O 14.Be3 Nbc4 15.Nxe5 dxe5
16.Qe2 Rfc8 17.Rfd1 f5 18.Rac1 Nd6 19.Rc2 Rc7 20.Rdc1 f4 21.Bd2 Nf5 22.Qxe5 Bd6
23.Qe4 Re8 24.Qd3 f3 25.Qxf3 Nd4 26.Qd1 Nxc2 27.Rxc2 Qf5 28.Be3 Rc4 29.g3 a6
30.Rd2 h5 31.Rd4 Rxd4 32.Qxd4 Qf3 33.Qa4 Re7 34.Qc4 h4 35.h3 Bc5 36.d6+  0-1

[Event "Classics IMA"]
[Site "Gausdal NOR"]
[Date "2002.04.15"]
[Round "5"]
[White "Richards,H"]
[Black "Byklum,B"]
[Result "1-0"]
[WhiteElo "2209"]
[BlackElo "2168"]

1.e4 c5 2.c3 Nf6 3.e5 Nd5 4.Nf3 e6 5.d4 cxd4 6.cxd4 d6 7.a3 Nc6 8.Bd3 g6
9.O-O Bg7 10.Re1 O-O 11.Qe2 b6 12.Bd2 Bb7 13.Nc3 Nxc3 14.Bxc3 dxe5 15.dxe5 Rc8
16.Rad1 Qc7 17.h4 Rfd8 18.h5 Rd5 19.Rc1 Ne7 20.Qe3 Rc5 21.hxg6 hxg6 22.Ng5 Nd5
23.Qh3 Nxc3 24.bxc3 Rxc3 25.Rcd1 Bd5 26.Qh7+ Kf8 27.Bxg6 fxg6 28.Rxd5 Qe7
29.Nh3 exd5 30.Nf4 R3c6 31.e6 Qf6 32.Nxg6+ Ke8 33.Qg8+ Bf8 34.e7 Kd7 35.exf8=Q Rxf8
36.Nxf8+ Kc7 37.Qh7+ Kc8 38.Re8+  1-0

[Event "chJ-POL g20"]
[Site "Trzebinia POL"]
[Date "2002.04.15"]
[Round "5"]
[White "Tekielak,I"]
[Black "Kadziolka,B"]
[Result "0-1"]
[WhiteElo "2055"]
[BlackElo "2235"]

1.e4 c5 2.c3 Nf6 3.e5 Nd5 4.d4 cxd4 5.cxd4 e6 6.Nc3 Nxc3 7.bxc3 Qc7 8.Bd2 d6
9.Nf3 Nd7 10.exd6 Bxd6 11.Bd3 O-O 12.O-O b6 13.h3 Bb7 14.Re1 Bf4 15.Rc1 Bxf3
16.Bxf4 Qxf4 17.Qxf3 Qxf3 18.gxf3 Nf6 19.Be4 Rac8 20.c4 Rfd8 21.Red1 g6 22.Rd2 Rc7
23.a3 Kg7 24.Bb1 e5 25.Rcd1 Rxc4 26.dxe5 Rxd2 27.Rxd2 Rc1+ 28.Kg2 Rxb1 29.exf6+ Kxf6
30.Ra2 a5 31.a4 Ke6 32.Kg3 Rb4 33.f4 Kf5  0-1

[Event "1st It"]
[Site "Asuncion PAR"]
[Date "2002.04.16"]
[Round "8"]
[White "Gomez Baillo,J"]
[Black "Dumont,S"]
[Result "1-0"]
[WhiteElo "2456"]
[BlackElo "2367"]

1.e4 c5 2.c3 Nf6 3.e5 Nd5 4.Nf3 e6 5.Bc4 Nb6 6.Bb3 Nc6 7.d4 cxd4 8.cxd4 Bb4+
9.Nc3 d6 10.Qe2 dxe5 11.dxe5 Nd5 12.Bd2 Nxc3 13.bxc3 Be7 14.O-O Qc7 15.Rfe1 Bd7
16.Nd4 Nxd4 17.cxd4 Bc6 18.Qg4 O-O-O 19.d5 Bxd5 20.Bxd5 Rxd5 21.Rac1 Bc5
22.Qxg7 Rhd8 23.Bg5 Re8 24.Qxh7 Kb8 25.Qc2 f5 26.Qa4 Rg8 27.h4 Ka8 28.Re2 a6
29.Rd1 Rxe5 30.Qf4 Bd6 31.Rxd6 Rxe2 32.Rxa6+  1-0

[Event "Golden Cleopatra"]
[Site "Cairo EGY"]
[Date "2002.04.16"]
[Round "10"]
[White "Boricsev,O"]
[Black "Lungu,N"]
[Result "1/2-1/2"]
[WhiteElo "2333"]
[BlackElo "2262"]

1.e4 c5 2.c3 Nf6 3.e5 Nd5 4.d4 cxd4 5.Nf3 e6 6.cxd4 Nc6 7.Bc4 Nb6 8.Bb3 d6
9.Qe2 dxe5 10.dxe5 Nb4 11.O-O Qd3 12.Nc3 Qxe2 13.Nxe2 N4d5 14.Nf4 Bd7 15.Nxd5 Nxd5
16.Bxd5 exd5 17.Be3 a6 18.Rac1 Bc6 19.Bb6 Be7 20.Nd4 Rc8 21.f4 g6 22.Rf2 O-O
23.Rfc2 Bd7 24.Kf2 Rxc2+ 25.Rxc2 Rc8 26.Rxc8+ Bxc8 27.Ke3 f6 28.Nb3 g5 29.g3 gxf4+
30.Kxf4 Kf7 31.Bd4 f5 32.a3 Kg6 33.h4 Bf8 34.Be3 h5 35.Bc5 Bh6+ 36.Kf3 Bd7
37.Be3 Bf8 38.Nd4 Bg7 39.Bf4 Bf8 40.Bg5 Bg7 41.Kf4 Bf8 42.Kf3 Bg7 43.Bf4 Bf8
44.e6 Bc8 45.Bg5 Bc5 46.e7 Kf7 47.Ke3 Bxe7 48.Bxe7 Kxe7 49.Ne2 Be6 50.Kf4 Kf6
51.Nd4 Bd7 52.b4 Be6 53.Nb3 Bd7 54.Nc5 Bc6 55.Ke3 Ke5 56.Nd3+ Kd6 57.Kd4 Be8
58.Ne5 b6 59.Nd3 a5  1/2-1/2

[Event "Golden Cleopatra"]
[Site "Cairo EGY"]
[Date "2002.04.17"]
[Round "11"]
[White "Elahl,M"]
[Black "Chumfwa,S"]
[Result "0-1"]
[WhiteElo "2116"]
[BlackElo "2229"]

1.e4 c5 2.c3 Nf6 3.e5 Nd5 4.d4 cxd4 5.Nf3 e6 6.cxd4 b6 7.a3 Ba6 8.Bxa6 Nxa6
9.O-O Be7 10.Nbd2 O-O 11.Ne4 f5 12.exf6 Nxf6 13.Nc3 Nc7 14.Bg5 Qe8 15.Ne5 d6
16.Bxf6 gxf6 17.Qg4+ Kh8 18.Nd3 Rg8 19.Qh3 Qf7 20.Rae1 f5 21.f4 Rg4 22.Qf3 Rag8
23.g3 Bf6 24.Ne2 Qg7 25.Qe3 Rg6 26.Nb4 a5 27.Nc6 Nd5 28.Qd3 Qd7 29.Rc1 Rc8
30.Qb5 Ne7 31.d5 Nxd5 32.Rfd1 Rcg8 33.Qd3 h5 34.Ncd4 h4 35.Kf2 Rh6 36.Rh1 Qh7
37.Qf3 hxg3+ 38.hxg3 Rh2+ 39.Rxh2 Qxh2+ 40.Qg2 Bxd4+ 41.Nxd4 Qxg2+ 42.Kxg2 Nxf4+
43.Kf3 Nd3 44.Rh1+ Kg7 45.Nxe6+ Kf6 46.Nd4 Nxb2 47.Rh5 Rg5 48.Rh6+ Ke5 49.Nc6+ Kd5
50.Ne7+ Kc5 51.Rf6 Nc4 52.Nxf5 d5 53.Kf4 Rg8 54.a4 d4 55.Ke4 Re8+ 56.Kd3 Nb2+
57.Kd2 Nxa4 58.g4 Nc3 59.Rf7 Ne4+ 60.Kc2 Rd8 61.Kb3 d3 62.Ne3 d2 63.Kc2 Kd4
64.Nf5+ Ke5 65.Ne3 Rc8+ 66.Kb3 Rc3+  0-1

[Event "Open"]
[Site "Dubai UAE"]
[Date "2002.04.17"]
[Round "3"]
[White "Hamed,Ah"]
[Black "Janahi,Z"]
[Result "0-1"]
[WhiteElo "2341"]
[BlackElo "2166"]

1.e4 c5 2.c3 Nf6 3.e5 Nd5 4.d4 cxd4 5.cxd4 Nc6 6.Nf3 d6 7.Bc4 Nb6 8.Bb5 dxe5
9.Nxe5 Bd7 10.Nc3 Nxe5 11.dxe5 Bxb5 12.Nxb5 Qxd1+ 13.Kxd1 Nd5 14.Ke2 a6 15.Rd1 O-O-O
16.Nc3 Nxc3+ 17.bxc3 Rxd1 18.Kxd1 e6 19.Be3 Be7 20.Bb6 Bd8 21.Bd4 Be7 22.Kc2 Rd8
23.Re1 b5 24.Re4 Rd7 25.Rf4 Bf8 26.g4 h6 27.h4 Kb7 28.h5 Kc6 29.Re4 Kd5 30.Kd3 Rc7
31.Re2 Rc4 32.f3 b4 33.Rd2 bxc3 34.Bxc3 Bc5 35.Re2 Bd4 36.Bxd4 Rxd4+ 37.Kc3 Rc4+
38.Kd3 Ra4 39.Ke3 Kxe5 40.Kf2+ Kf4 41.Rb2 e5 42.Kg2 e4 43.fxe4 Kxg4 44.Rb7 Rxa2+
45.Kf1 Kxh5 46.Rxf7 Kg6 47.Rf4 Ra4 48.Ke2 Kg5 49.Rf5+ Kg6 50.Kf3 Ra3+ 51.Kf4 Ra1
52.Rc5 a5 53.Rc6+ Kh5 54.e5 a4 55.e6 a3 56.e7 Re1 57.Rc7 a2 58.Ra7 g5+ 59.Kf5 Rxe7
60.Rxa2 Rf7+ 61.Ke6 Rf4  0-1

[Event "chJ-POL g20"]
[Site "Trzebinia POL"]
[Date "2002.04.17"]
[Round "8"]
[White "Lysiak,M"]
[Black "Worek,J"]
[Result "0-1"]
[WhiteElo "2127"]
[BlackElo "2225"]

1.e4 c5 2.c3 Nf6 3.e5 Nd5 4.Nf3 Nc6 5.d4 cxd4 6.cxd4 e6 7.Nc3 d6 8.Bb5 Be7
9.O-O O-O 10.a3 Bd7 11.Bd3 g6 12.exd6 Bxd6 13.Ng5 Be7 14.Nxh7 Re8 15.Nxd5 exd5
16.Qd2 Nxd4 17.Qh6 Bf5 18.Ng5 Bxg5 19.Bxg5 Qb6 20.Qh4 Re6 21.Be3 Rxe3 22.fxe3 Bxd3
23.Qxd4 Qxd4 24.exd4 Bxf1 25.Kxf1 Rc8 26.Re1 Kf8 27.Re2 Rc4 28.Rd2 Ke7 29.Ke2 Kd6
30.Kd3 Rc8 31.Rf2 f5 32.g4 Rf8 33.gxf5 gxf5 34.Ke3 Ke6 35.Kf4 Rh8 36.Rg2 Rh4+
37.Ke3 f4+ 38.Kf3 Kf5 39.Rg7 Rh3+ 40.Kg2 Rb3 41.h4 Rxb2+ 42.Kg1 Rb3 43.h5 Rxa3
44.h6 Rh3 45.Rxb7 Rxh6 46.Rxa7 Ke4 47.Rf7 Rh3 48.Kf2 Rh2+ 49.Ke1 Kxd4 50.Rxf4+ Ke3
51.Rf1 Ra2  0-1

[Event "Open"]
[Site "Dubai UAE"]
[Date "2002.04.18"]
[Round "4"]
[White "Janahi,Z"]
[Black "Bakre,T"]
[Result "1/2-1/2"]
[WhiteElo "2166"]
[BlackElo "2477"]

1.e4 c5 2.c3 Nf6 3.e5 Nd5 4.d4 cxd4 5.Nf3 e6 6.cxd4 d6 7.Nc3 dxe5 8.Nxe5 Bb4
9.Bd2 O-O 10.Bd3 Nd7 11.Nxd7 Qxd7 12.O-O Nf6 13.Ne4 Be7 14.Bc3 b6 15.Qe2 Bb7
16.Nxf6+ Bxf6 17.Be4 Bxe4 18.Qxe4 Rfd8 19.Rfd1 Qd5 20.f3 Rd7 21.Rd2 Rad8
22.Qxd5 Rxd5 23.Rad1 h5 24.Kf2 b5 25.a3 R8d7 26.g3 Bd8 27.Ke2 Bb6 28.Ke3 Kh7
29.f4 Kg6 30.Bb4 Rc7 31.Rd3 a5 32.Be1 Rcd7 33.Ke4 f6 34.Bc3 Rc7 35.Be1 Kf7
36.Bc3 Rc4 37.b3 Rc7 38.Be1 Rcd7 39.Bc3 Ra7 40.Be1 g6 41.Bc3 Kg7 42.Be1 Bd8
43.Bc3 Be7 44.Ra1 g5 45.Bb2 Kg6 46.Rc1 Rad7 47.Rc6 Kf7 48.Rc2 Bd8 49.Rc5 Bb6
50.Rxd5 Rxd5 51.Rd1 Ke7 52.Rc1 Kd7 53.Rf1 f5+ 54.Ke3 h4 55.Rh1 a4 56.b4 Rd6
57.h3 Rc6 58.Kd3 Kd6  1/2-1/2

[Event "Open"]
[Site "Dubai UAE"]
[Date "2002.04.23"]
[Round "7"]
[White "Salem,Gh"]
[Black "Janahi,Z"]
[Result "0-1"]
[WhiteElo "2351"]
[BlackElo "2166"]

1.e4 c5 2.c3 Nf6 3.e5 Nd5 4.d4 cxd4 5.cxd4 Nc6 6.Nf3 d6 7.Bc4 Nb6 8.Bb5 dxe5
9.Nxe5 Bd7 10.Nxd7 Qxd7 11.Nc3 e6 12.O-O a6 13.Bxc6 Qxc6 14.Bf4 Nd5 15.Be5 Nxc3
16.bxc3 Be7 17.Qg4 Bf6 18.Bxf6 gxf6 19.Rad1 O-O-O 20.Qh4 f5 21.c4 Kb8 22.d5 exd5
23.Rd4 Qe6 24.Qf4+ Ka8 25.Qd2 Rhe8 26.Rd1 Qe2 27.cxd5 Qxd2 28.R4xd2 Rd6 29.g3 b5
30.Kg2 Kb7 31.Kf3 Re4 32.Rd3 Kb6 33.Re3 Ra4 34.Rd2 Kc5 35.Re5 Rd4 36.Rxd4 Kxd4
37.Rxf5 f6 38.h3 Rxd5 39.Rxf6 a5 40.Rf7 h5 41.Kf4 a4 42.Rf8 Kc3 43.Rc8+ Kb2
44.Ke4 Rg5 45.Ke3 Kxa2 46.Kf4 Rd5 47.Ke4 Rd2 48.Ke3 Rd5 49.Ke4 Rd1 50.Ra8 Rb1
51.Rh8 b4 52.Rxh5 b3 53.Rb5 b2 54.Kf4 Rh1  0-1

[Event "TSGM April"]
[Site "Belgrade YUG"]
[Date "2002.04.24"]
[Round "5"]
[White "Markovic,Miros"]
[Black "Velickovic,Sa"]
[Result "1/2-1/2"]
[WhiteElo "2517"]
[BlackElo "2399"]

1.e4 c5 2.c3 Nf6 3.e5 Nd5 4.Nf3 e6 5.d4 cxd4 6.cxd4 b6 7.Bd3 Bb4+ 8.Bd2 Bxd2+
9.Qxd2 Ba6 10.Be4 Nc6 11.Nc3 Nxc3 12.bxc3 Rc8 13.h4 d5 14.Bc2 Qc7 15.Rc1 Na5
16.Bb1 Qc4 17.Nh2 Qa4 18.Ng4 Qa3 19.Rh3 Nc4 20.Qf4 h6 21.Rf3 Rc7 22.h5 Qb2
23.Bd3 Qxa2 24.Rc2 Qa1+ 25.Rc1 Qa3 26.Bxc4 Bxc4 27.Qd2 Qe7 28.Ne3 Qg5 29.Rh3 O-O
30.f4 Qe7 31.Rg3 f6 32.exf6 Qxf6 33.Rg4 Qf7 34.Qd1 a5 35.g3 b5 36.Rg6 Kh8
37.Qg4 Bd3 38.Rxe6 Re7 39.Re5 a4 40.Kd2 Be4 41.Qe2 a3 42.Rxe7 Qxe7 43.Nxd5 Qe6
44.Nb4 Qf5 45.Ra1  1/2-1/2

[Event "VIII Leonardo di Bona Open"]
[Site "Cutro ITA"]
[Date "2002.04.24"]
[Round "1"]
[White "Lazic,Mi"]
[Black "Calzetta,M"]
[Result "1-0"]
[WhiteElo "2474"]
[BlackElo "2278"]

1.e4 c5 2.c3 Nf6 3.e5 Nd5 4.d4 cxd4 5.Qxd4 e6 6.Bc4 Nc6 7.Qe4 d6 8.exd6 Nf6
9.Qh4 Bxd6 10.Nf3 Bd7 11.O-O Ne5 12.Nxe5 Bxe5 13.Re1 Qc7 14.Nd2 Bc6 15.Bf1 Bf4
16.Nc4 Bxc1 17.Raxc1 Rd8 18.Ne5 O-O 19.Bd3 Rd5 20.Qg3 Rfd8 21.Bc2 g6 22.Qf4 Kg7
23.Nxg6 Qxf4 24.Nxf4 Rg5 25.g3 e5 26.Ng2 Bf3 27.Nh4 Bg4 28.f3 Be6 29.Rcd1 Rxd1
30.Rxd1 Bxa2 31.Nf5+ Rxf5 32.Bxf5 Nd5 33.Ra1  1-0

[Event "ch-PHI"]
[Site "Makati PHI"]
[Date "2002.05.01"]
[Round "8"]
[White "Roca,P"]
[Black "Barbosa,O PHI"]
[Result "1-0"]
[WhiteElo "2394"]
[BlackElo "2313"]

1.e4 c5 2.c3 Nf6 3.e5 Nd5 4.d4 cxd4 5.Nf3 e6 6.cxd4 b6 7.Nc3 Nxc3 8.bxc3 Qc7
9.Bd2 Bb7 10.Bd3 d6 11.O-O Nd7 12.Re1 dxe5 13.Nxe5 Nxe5 14.Rxe5 Bd6 15.Rh5 g6
16.Rh3 O-O-O 17.a4 h5 18.a5 g5 19.axb6 axb6 20.Ra7 Qc6 21.f3 f5 22.Bxg5 Rdg8
23.Bd2 Rg7 24.Ra2 Kb8 25.Qb3 Rhg8 26.Be3 Bc7 27.c4 Qd6 28.c5 Qd8 29.Kh1 e5
30.Qa4 Qf6 31.Qa7+ Kc8 32.Ba6 Bb8 33.Bxb7+ Rxb7 34.Qa6 exd4 35.Rc2 Qc6 36.Qa2 Rg6
37.Bxd4 b5 38.Rxh5 Rd7 39.Bg1 Rd1 40.Rxf5 Bxh2 41.Rf8+ Kc7 42.Qa7+ Qb7 43.Rf7+  1-0

[Event "3rd Open"]
[Site "Backa Palanka YUG"]
[Date "2002.05.07"]
[Round "6"]
[White "Savic,Miod1"]
[Black "Zakharchenko,A"]
[Result "1-0"]
[WhiteElo "2498"]
[BlackElo "2391"]

1.e4 c5 2.c3 Nf6 3.e5 Nd5 4.Nf3 Nc6 5.d4 cxd4 6.Bc4 Nb6 7.Bb3 d6 8.exd6 Qxd6
9.O-O Bf5 10.Nxd4 Nxd4 11.cxd4 e6 12.Nc3 Be7 13.Qf3 O-O 14.d5 Qd7 15.Rd1 e5
16.d6 Bf6 17.h3 Bg6 18.a4 a5 19.Be3 Ra6 20.Rac1 Na8 21.Nb5 Rc6 22.Bd5 Rfc8
23.Bxc6 bxc6 24.Na7 e4 25.Qe2 Rb8 26.Nxc6 Rxb2 27.Qa6  1-0

[Event "Mitropa Cup"]
[Site "Leipzig GER"]
[Date "2002.05.08"]
[Round "6"]
[White "Stevic,H"]
[Black "Markos,J"]
[Result "1/2-1/2"]
[WhiteElo "2523"]
[BlackElo "2467"]

1.e4 c5 2.c3 Nf6 3.e5 Nd5 4.Nf3 d6 5.d4 cxd4 6.cxd4 Nc6 7.Bc4 Nb6 8.Bb3 dxe5
9.d5 Na5 10.Nc3 Nxb3 11.Qxb3 e6 12.Nxe5 exd5 13.Be3 Bd6 14.Qb5+ Bd7 15.Nxd7 Qxd7
16.O-O-O Rc8 17.Kb1 Qxb5 18.Nxb5 Bb8 19.Bxb6 axb6 20.Rhe1+ Kd7 21.Rxd5+ Kc6
22.Red1 Rhe8 23.a4 Re1 24.Rxe1 Kxd5 25.Re7 Be5 26.Rd7+ Kc4 27.Rxb7 Rc6 28.Rxf7 Re6
29.Na3+ Kb4 30.Nc2+ Kxa4 31.Rf3 Bf6 32.Rf4+ Ka5 33.Ne3 b5 34.Kc2 Bg5 35.Rf3 Rc6+
36.Kb3 Rd6 37.Kc2 Rc6+ 38.Kb3 Rd6 39.Rg3 h6 40.Kc2 Rc6+ 41.Kb3  1/2-1/2

[Event "TCh-NOR Finals"]
[Site "Oslo NOR"]
[Date "2002.05.08"]
[Round "1"]
[White "Hagesaether,A"]
[Black "Trygstad,K"]
[Result "1/2-1/2"]
[WhiteElo "2109"]
[BlackElo "2313"]

1.e4 c5 2.c3 Nf6 3.e5 Nd5 4.d4 cxd4 5.Nf3 e6 6.cxd4 d6 7.Nc3 Nxc3 8.bxc3 Qc7
9.Qb3 Nc6 10.exd6 Bxd6 11.Bd3 Ne7 12.O-O Bd7 13.Ba3 Bxa3 14.Qxa3 f6 15.Nd2 Bc6
16.Rfe1 O-O 17.Rxe6 Nd5 18.c4 Nf4 19.Re7 Qd8 20.d5 Nxd3 21.dxc6 Qd4 22.Rf1 bxc6
23.Re4 Qd7 24.Nf3 Ne5 25.Nxe5 fxe5 26.Rxe5 Rf7 27.Qe3 Raf8 28.a4 Qb7  1/2-1/2

[Event "Croatian Cup"]
[Site "Pula CRO"]
[Date "2002.05.08"]
[Round "2"]
[White "Trbojevic,M"]
[Black "Kiss,At"]
[Result "0-1"]
[WhiteElo "2237"]
[BlackElo "2366"]

1.e4 c5 2.c3 Nf6 3.e5 Nd5 4.d4 cxd4 5.Nf3 e6 6.cxd4 d6 7.Nc3 Nxc3 8.bxc3 Qc7
9.Bd2 Nd7 10.exd6 Bxd6 11.Bd3 b6 12.O-O Bb7 13.h3 O-O 14.Re1 Bf4 15.Be3 Rac8
16.Rc1 Rfd8 17.Qd2 Bxe3 18.fxe3 Bxf3 19.gxf3 Qg3+ 20.Qg2 Qh4 21.Red1 e5 22.Bf5 Qe7
23.Kh1 Rc7 24.Qg3 g6 25.dxe5 Nxe5 26.Rxd8+ Qxd8 27.Qxe5 Rc5 28.Qd4 Rd5 29.Qe4 Rxf5
30.Rg1 Qf6 31.f4 Rh5 32.Qf3 Ra5 33.Rg2 Qxc3 34.Qe4 Ra3 35.Re2 Qa1+ 36.Kg2 Rxa2
37.Rxa2 Qxa2+ 38.Kf3 Qe6 39.Qa8+ Kg7 40.Qxa7 Qxh3+ 41.Kf2 Qe6 42.Qa4 h5 43.Qb4 Kg8
44.Qd4 b5 45.Qc5 Qc4 46.Qe5  0-1

[Event "3rd Open"]
[Site "Backa Palanka YUG"]
[Date "2002.05.09"]
[Round "8"]
[White "Savic,Miod1"]
[Black "Rajkovic,Du"]
[Result "0-1"]
[WhiteElo "2498"]
[BlackElo "2501"]

1.e4 c5 2.c3 Nf6 3.e5 Nd5 4.Nf3 e6 5.g3 d6 6.Bg2 dxe5 7.Nxe5 Nd7 8.Nf3 Be7
9.d4 O-O 10.O-O N7b6 11.Qe2 cxd4 12.Nxd4 Qc7 13.Nd2 Bd7 14.c4 Bf6 15.N4b3 Nb4
16.c5 N6d5 17.Ne4 Be7 18.Bd2 a6 19.a4 h6 20.Qc4 b5 21.Qe2 bxa4 22.Nd4 e5
23.c6 exd4 24.cxd7 Qxd7 25.Qd1 Nb6 26.f4 Rac8 27.f5 f6 28.Qg4 Kh8 29.Qh4 Rf7
30.Bf3 N4d5 31.Bh5 Rff8 32.Rad1 Nc4 33.Bxh6 gxh6 34.Be2 Rf7 35.Rxd4 Qa7 36.Nf2 Nd6
37.Re1 Nxf5 38.Qh5 Qxd4 39.Qxf7 Bc5 40.Rf1 Nde3 41.Rc1 Nd1 42.Rxd1 Qxf2+
43.Kh1 Qxe2 44.Qxf6+ Ng7  0-1

[Event "Croatian Cup"]
[Site "Pula CRO"]
[Date "2002.05.09"]
[Round "3"]
[White "Kapic,I"]
[Black "Matic,Z"]
[Result "1-0"]
[WhiteElo "2196"]
[BlackElo "2186"]

1.e4 c5 2.c3 Nf6 3.e5 Nd5 4.Nf3 e6 5.Bc4 Nb6 6.Bb3 Be7 7.O-O O-O 8.d4 cxd4
9.cxd4 d6 10.Nc3 dxe5 11.dxe5 Na6 12.Bf4 Nc5 13.Bc2 Qxd1 14.Rfxd1 Bd7 15.Bg5 Bxg5
16.Nxg5 h6 17.Nge4 Rfc8 18.Nd6 Rc7 19.Rac1 Bc6 20.b4 Ncd7 21.f4 Kf8 22.Bb3 a6
23.a4 Rb8 24.b5 Bd5 25.Bxd5 Rxc3 26.Rxc3 Nxd5 27.Rxd5 exd5 28.Rc7 Ke7 29.Nxb7 axb5
30.axb5 Ke8 31.Kf2 Ra8 32.b6 Ra2+ 33.Kf3 Nxb6 34.Nd6+ Kd8 35.Rxf7 Ra3+ 36.Kg4 g6
37.Rb7 Nc4 38.Nxc4 dxc4 39.Rb4 Rc3 40.Rb6 Rc2 41.Kf3 Kc7 42.Rxg6 c3 43.Ra6 Rc1
44.Ke2 Rg1 45.Kd3 Rxg2 46.Kxc3 Rf2 47.Rf6  1-0

[Event "Croatian Cup"]
[Site "Pula CRO"]
[Date "2002.05.09"]
[Round "3"]
[White "Sermek,D"]
[Black "Fercec,N"]
[Result "1-0"]
[WhiteElo "2601"]
[BlackElo "2466"]

1.e4 c5 2.c3 Nf6 3.e5 Nd5 4.Nf3 e6 5.d4 cxd4 6.cxd4 d6 7.Bc4 Nc6 8.O-O Be7
9.Qe2 O-O 10.Qe4 Qc7 11.Re1 Bd7 12.Ng5 Bxg5 13.Bxg5 dxe5 14.dxe5 Nde7 15.Bd2 Nxe5
16.Qxe5 Qxc4 17.Qd6 Nd5 18.Qxd7 Rfd8 19.Qxb7 Rdb8 20.Qd7 Rd8 21.Qb7 Rdb8
22.Qd7 Rd8 23.b3 Qd4 24.Bc3 Qd3 25.Qc6 Rac8 26.Qa4 Nxc3 27.Nxc3 Rxc3 28.Qxa7 Rc2
29.h3 h6 30.b4 Rd7 31.Qb6 Rd6 32.Qb8+ Rd8 33.Qa7 Rd7 34.Qe3 Qc4 35.Rec1 Rd3
36.Rxc2 Qxc2 37.Qc1 Qa4 38.Qb2 Qd7 39.b5 Rd2 40.Qe5 f6 41.Qe1 e5 42.a4 Qd4
43.Rb1 Qd3 44.b6 Re2 45.Qf1  1-0